Η στρατιωτική οργάνωση στην αρχαία Ελλάδα και Ρώμη

Αποθηκεύτηκε σε:
Λεπτομέρειες βιβλιογραφικής εγγραφής
Κύριος συγγραφέας: Marx, Karl, 1818-1883
Άλλοι συγγραφείς: Οικονομίδης, Ορφέας (Μεταφραστής), Engels, Friedrich, 1820-1895
Μορφή: Βιβλίο
Γλώσσα:Greek
Δημοσίευση: [Αθήνα] : Επιφάνια, 1975
Θέματα:
Ετικέτες: Προσθήκη ετικέτας
Δεν υπάρχουν, Καταχωρήστε ετικέτα πρώτοι!

MARC

LEADER 00000cam a2200000 i 4500
001 1/25386
008 060301s1975 gre d
035 |l 10082901 
040 |a GR-MY-UA  |b gre  |e aacr 
041 0 |a gre 
082 0 |a 938.105  |2 (22) 
100 1 |a Marx, Karl,   |d 1818-1883. 
245 1 2 |a Η στρατιωτική οργάνωση στην αρχαία Ελλάδα και Ρώμη /  |c Κ. Μάρξ-Φ. Ένγκελς ; μετάφραση ορφέα Οικονομίδη 
260 |a [Αθήνα] :   |b Επιφάνια,   |c 1975 
300 |a 93 σ.;  |c 21 εκ. 
504 |a Περιέχει ευρετήριο 
651 0 |a Greece  |x History, Military  |y To 146 B.C. 
651 0 |a Rome  |x History, Military  |y To 146 B.C. 
700 1 |a Οικονομίδης, Ορφέας.  |4 trl 
700 1 |a Engels, Friedrich,   |d 1820-1895. 
852 |a INST  |b LESVOS  |e 20060301  |h 938.105 MAR  |p 005100034650  |q 005100034650  |t BK  |y 0 
901 |a BIBL1-2006-1 
909 |a Λ  |b 126023 
970 |a ΚΑΡΑ  |b ΓΙΑΣΕΜΗ  |z 2006/03/01